Glee General Knowledge Quiz - Statistics

General Stats
  • This quiz has been taken 163 times
  • The average score is 10 of 15
Answer Stats
Question Answer % Correct
In what series does the Glee Cub perform West Side stories? 3
90%
Who gets crowned prom queen in series 2? Kurt
89%
What number does Finn wear on his sports kit? 5
87%
What nickname does Sue call Kurt? Porcelain
86%
What is the first name of Emma's dentist boyfriend? Carl
82%
What is the full name of Sue's helper who has down syndrome? Becky Jackson
81%
What is the title of the song written by Santana about Sam during series 2? Trouty Mouth
81%
What does Sue attempt to fire Brittany out of during a cheerleading routine? Cannon
78%
Which character sings "songbird" in series two? Santana
67%
Who directed the pilot episode of Glee? Ryan Murphy
57%
Who plays April Rhodes? Kristin Chenoweth
54%
How many episodes of Glee have there been all together? 121
46%
What was the name of the episode in series 2 during which Burt Hummel ended up in hospital after suffering from a heart attack? Grilled Cheesus
44%
What Madonna song was part of a series 4 mashup with Diamond's are a girl's best friend? Material Girl
44%
Who was the first member of the rebooted New Directions in series 6? Roderick
41%
No matching quizzes found
Score Distribution
Percent of People with Each Score
Percentile by Number Answered
Your Score History
You have not taken this quiz